000 00620cam a2200145 4500500
005 20251228092827.0
041 _afre
042 _adc
100 1 0 _aCarruthers, Leo
_eauthor
245 0 0 _aThe Anglo-Norman Language and its Contexts, éd. Richard INGHAM, York– Woodbridge–Rochester, York Medieval Press–Boydell, 2010 ; 1 vol. in-8o, X–186 p. ISBN : 9781903153307. Prix : GBP 50,00.
260 _c2011.
500 _a9
786 0 _nLe Moyen Age | CXVII | 1 | 2011-12-10 | p. 117m-133m | 0027-2841
856 4 1 _uhttps://shs.cairn.info/revue-le-moyen-age-2011-1-page-117m?lang=fr&redirect-ssocas=7080
999 _c1603614
_d1603614